| 000 | 00000nam 2200000zi 4500 |
| 001 | 9.916621 |
| 003 | CaOODSP |
| 005 | 20221117134739 |
| 006 | m o d f |
| 007 | cr cn||||||||| |
| 008 | 221026t20222022onc o f000 0 eng d |
| 020 | |a9780660459950 |
| 040 | |aCaOODSP|beng|erda|cCaOODSP |
| 043 | |an-cn--- |
| 086 | 1 |aFA1-27/2022-1-8E-PDF |
| 110 | 1 |aCanada. |bOffice of the Auditor General, |eauthor, |eissuing body. |
| 245 | 10|aEmergency management in First Nations communities - Indigenous Services Canada : |bindependent auditor's report. |
| 264 | 1|a[Ottawa] : |bOffice of the Auditor General of Canada = Bureau du vérificateur général du Canada, |c2022. |
| 264 | 4|c©2022 |
| 300 | |a1 online resource (iii, 29 pages). |
| 336 | |atext|btxt|2rdacontent |
| 337 | |acomputer|bc|2rdamedia |
| 338 | |aonline resource|bcr|2rdacarrier |
| 490 | 1 |aReports of the Auditor General of Canada to the Parliament of Canada, |x2561-343X ; |vFall 2022, report 8 |
| 500 | |aCover title. |
| 500 | |aIssued also in French under title: La gestion des urgences dans les collectivités des Premières Nations - Services aux Autochtones Canada : rapport de l'auditeur indépendant. |
| 610 | 10|aCanada. |bIndigenous Services Canada. |
| 650 | 0|aEmergency management|xGovernment policy|zCanada. |
| 650 | 0|aIndian reservations|xSafety measures|zCanada. |
| 775 | 08|tLa gestion des urgences dans les collectivités des Premières Nations - Services aux Autochtones Canada : |w(CaOODSP)9.916622 |
| 830 | #0|aReports of the Auditor General of Canada to the Parliament of Canada ;|vFall 2022, report 8.|w(CaOODSP)9.846691 |
| 856 | 40|qPDF|s897 KB|uhttps://publications.gc.ca/collections/collection_2022/bvg-oag/FA1-27-2022-1-8-eng.pdf |
| 856 | 4 |qHTML|sN/A|uhttps://www.oag-bvg.gc.ca/internet/English/parl_oag_202211_08_e_44154.html |